000 00540nam a22001817a 4500
999 _c188783
_d188783
005 20220603115640.0
010 _aENG-132977
020 _a9788190707107
_c200.00
035 _aEN-116509
037 _bDBAD/PUB
082 _a658
100 _aJain, Satish
245 _aThe Business Magnate Bill Gates/
_cSatish Jain
260 _aDelhi
_bIndian Book Service
_c2011
270 _a492-B/2A, Gali No. 6, Pandav Road Mahaveer Block, Shahadra
_bDelhi
_e110032
300 _a159p.
_c22cm(hbk)
942 _2ddc
_cEN
_mJAI
_h658